000 00758nam a2200265Ia 4500
003 OSt
005 20220918173152.0
006 a|||||r|||| 00| 0
007 ta
008 220917b |||||||| |||| 00| 0 eng d
024 _a5,466
037 _cTextual
040 _aARTS
_cARTS
_beng
041 _2eng
_aeng
082 _a2:8, M2 (2D)
100 _aBommer Michael R W.
_945183
245 0 _aDecision making for library management
260 _aNew York
_bKnowledge Industry Publication
_c1982
300 _a178p
_ccm.
490 _aProfessional librarian
650 _aLIBRARY SCIENCE
700 _a Chorba Ronald W.
_945184
942 _h2:8, M2 (2D)
_cTEXL
_2CC
999 _c147495
_d147495